Football Teams Eric Cantona Played For - Statistics

General Stats
  • This quiz has been taken 67 times
  • The average score is 5 of 10
Answer Stats
League Years
Team
% Correct
England 1992-1997 Manchester United
98%
France 1988-1989 Olympique de Marseille
78%
France 1990-1991 Olympique de Marseille
78%
England 1992 Leeds United
73%
France 1989 FC Girondins de Bordeaux
58%
France 1983-1985 AJ Auxerre
31%
France 1986-1988 AJ Auxerre
31%
France 1989-1990 Montpellier HSC
27%
France 1991-1992 Nîmes Olympique
16%
France 1985-1986 FC Martigues
7%
No matching quizzes found
Score Distribution
Percent of People with Each Score
Percentile by Number Answered
Your Score History
You have not taken this quiz